Lieutenant-Colonel John Haughton, commandant of the 36th Sikhs (Record no. 552122)
[ view plain ]
| 000 -LEADER | |
|---|---|
| fixed length control field | 00577cam a2200145K 4500 |
| 082 ## - DEWEY DECIMAL CLASSIFICATION NUMBER | |
| Classification number | 355.009242 |
| Author Mark | YAT |
| -- | D |
| 100 1# - MAIN ENTRY--PERSONAL NAME | |
| Personal name | Yate, A. C. |
| 9 (RLIN) | 49340 |
| 245 10 - TITLE STATEMENT | |
| Title | Lieutenant-Colonel John Haughton, commandant of the 36th Sikhs |
| Remainder of title | a hero of Tirah, a memoir, |
| Statement of responsibility, etc. | by Major A.C. Yate ... |
| 260 ## - PUBLICATION, DISTRIBUTION, ETC. | |
| Place of publication, distribution, etc. | London, |
| Name of publisher, distributor, etc. | J. Murray, |
| Date of publication, distribution, etc. | 1900. |
| 300 ## - PHYSICAL DESCRIPTION | |
| Extent | 1 online resource (xvi, 238 p.) |
| Other physical details | front., illus., pl., port., fold. maps, fold. plan. |
| 526 ## - STUDY PROGRAM INFORMATION NOTE | |
| Program name | 0 |
| Interest level | 0 |
| Reading level | 0 |
| Title point value | 355_009242000000000_YAT |
| 650 ## - SUBJECT ADDED ENTRY--TOPICAL TERM | |
| Topical term or geographic name entry element | MCE |
| 9 (RLIN) | 379 |
| 856 40 - ELECTRONIC LOCATION AND ACCESS | |
| Uniform Resource Identifier | <a href="http://catalog.hathitrust.org/api/volumes/oclc/13211434.html">http://catalog.hathitrust.org/api/volumes/oclc/13211434.html</a> |
| 942 ## - ADDED ENTRY ELEMENTS (KOHA) | |
| Source of classification or shelving scheme | |
| Koha item type | Book |
| Withdrawn status | Lost status | Source of classification or shelving scheme | Damaged status | Not for loan | Permanent Location | Current Location | Shelving location | Date acquired | Total Checkouts | Full call number | Barcode | Date last seen | Price effective from | Koha item type |
|---|---|---|---|---|---|---|---|---|---|---|---|---|---|---|
| Military College of Engineering (MCE) | Military College of Engineering (MCE) | 01/07/2015 | 355.009242 YAT | MCE-ECJ/13 | 01/07/2015 | 01/07/2015 | Book |
